| 000 | 01860nam a2200313Ia 4500 | ||
|---|---|---|---|
| 999 |
_c36497 _d36497 |
||
| 001 | 2415 | ||
| 003 | GE_BSU | ||
| 005 | 20250401123501.0 | ||
| 008 | 181216s2010||||ge |||||||||||||| ||geo|| | ||
| 020 | _a9789941025600 | ||
| 040 | _cGE_BSU | ||
| 041 | _ageo | ||
| 080 | _a376.3 ს–987 | ||
| 100 |
_aჭინჭარაული, თინათინ _917794 |
||
| 245 |
_aსწავლის უნარის დარღვევის მქონე მოსწავლეთა სწავლება / _c[ავტ.: თინათინ ჭინჭარაული, მაია ბაგრატიონი, ანა ლაღიძე, თათია პაჭკორია ; მხატვ. ბუბა ოჩიაური ; ეროვნ. სასწავლო გეგმებისა და შეფასების ცენტრი]. |
||
| 264 |
_aთბილისი, _c2010. |
||
| 300 |
_a199 გვ.; _b25 სმ. |
||
| 490 | _aინკლუზიური განათლება | ||
| 504 | _aბიბლიოგრ.: გვ. 183. | ||
| 541 | _h8 ლ. | ||
| 653 | _aინკლუზიური განათლება | ||
| 653 | _aშეზღუდული შესაძლებლობების მქონე ადამიანთა განათლება | ||
| 700 |
_aბაგრატიონი, მაია _eავტორი _924723 |
||
| 700 |
_aლაღიძე, ანა _eავტორი _924724 |
||
| 700 |
_aპაჭკორია, თათია _eავტორი _92628 |
||
| 700 |
_aოჩიაური, ბუბა _eმხატვარი _92710 |
||
| 710 |
_aეროვნ. სასწავლო გეგმებისა და შეფასების ცენტრი. _924725 |
||
| 942 |
_cBK _2udc |
||